The Income Tax (Indexation) Order 2006 (Record no. 105333)
[ view plain ]
| 000 -LEADER | |
|---|---|
| fixed length control field | 01300cam a2200229 4500 |
| 001 - CONTROL NUMBER | |
| control field | ##L133119 |
| 008 - FIXED-LENGTH DATA ELEMENTS--GENERAL INFORMATION | |
| fixed length control field | 060411n2006 000 0 eng u |
| 020 ## - INTERNATIONAL STANDARD BOOK NUMBER | |
| International Standard Book Number | 0110743873 |
| 035 ## - SYSTEM CONTROL NUMBER | |
| System control number | (Sirsi) u133119 |
| 041 0# - LANGUAGE CODE | |
| Language code of text/sound track or separate title | eng |
| 110 2# - MAIN ENTRY--CORPORATE NAME | |
| Corporate name or jurisdiction name as entry element | United Kingdom |
| Subordinate unit | HM Treasury |
| 245 04 - TITLE STATEMENT | |
| Title | The Income Tax (Indexation) Order 2006 |
| Medium | [electronic resource] |
| 260 ## - PUBLICATION, DISTRIBUTION, ETC. | |
| Place of publication, distribution, etc. | London |
| Name of publisher, distributor, etc. | TSO |
| Date of publication, distribution, etc. | 2006 |
| 490 ## - SERIES STATEMENT | |
| Series statement | SI |
| Volume/sequential designation | 2006: 872 |
| 520 ## - SUMMARY, ETC. | |
| Summary, etc. | 1(6) of the Income and Corporation Taxes Act 1988 ("the Act") provides that HM Treasury shall before each year of assessment specify the amounts which that section shall, unless Parliament otherwise determines, be treated as specified for the purposes of 1(2)(aa) (starting rate limit of charge to income tax), and 1(2)(b) (basic rate limit of charge to income tax) of the Act for the year of assessment 2005/06. These amounts were specified for the year 2005/06 by the Income Tax (Indexation) Order 2005 (SI: 2005/716). |
| 590 ## - LOCAL NOTE (RLIN) | |
| Local note | IKA110406 |
| 650 24 - SUBJECT ADDED ENTRY--TOPICAL TERM | |
| Topical term or geographic name entry element | INCOME AND CORPORATION TAXES ACT 1988 |
| 650 24 - SUBJECT ADDED ENTRY--TOPICAL TERM | |
| Topical term or geographic name entry element | INCOME TAX (INDEXATION) ORDER 2005 |
| 690 ## - LOCAL SUBJECT ADDED ENTRY--TOPICAL TERM (OCLC, RLIN) | |
| Topical term or geographic name as entry element | PROPERTY-PROPERTY TAXATION-PROPERTY TAX ALLOWANCES |
| 856 40 - ELECTRONIC LOCATION AND ACCESS | |
| Uniform Resource Identifier | <a href="https://www.legislation.gov.uk/uksi/2006/872/contents/made">https://www.legislation.gov.uk/uksi/2006/872/contents/made</a> |
| Public note | View the Statutory Instrument free of charge at www.legislation.gov.uk... |
| 942 ## - ADDED ENTRY ELEMENTS (KOHA) | |
| Suppress in OPAC | 0 |
| Withdrawn status | Lost status | Source of classification or shelving scheme | Damaged status | Not for loan | Home library | Current library | Shelving location | Date acquired | Total Checkouts | Full call number | Barcode | Date last seen | Copy number | Price effective from | Koha item type |
|---|---|---|---|---|---|---|---|---|---|---|---|---|---|---|---|
| Dewey Decimal Classification | Virtual | Virtual | Online | 11/04/2006 | L133119 | 133119-1001 | 06/08/2019 | 1 | 06/08/2019 | Book |